<?xml version="1.0" encoding="UTF-8"?>
<marc:record xmlns:marc="http://www.loc.gov/MARC21/slim">
   <marc:leader>00000nam a2200000 a 4500</marc:leader>
   <marc:datafield ind1="1" ind2=" " tag="100">
      <marc:subfield code="a">Stone, Rex</marc:subfield>
      <marc:subfield code="4">aut</marc:subfield>
      <marc:subfield code="e">Verfasser/-in</marc:subfield>
   </marc:datafield>
   <marc:datafield ind1="0" ind2="0" tag="245">
      <marc:subfield code="a">Die Falle des Allosaurus</marc:subfield>
   </marc:datafield>
   <marc:datafield ind1=" " ind2="1" tag="264">
      <marc:subfield code="b">Loewe Verlag GmbH</marc:subfield>
      <marc:subfield code="c">2012</marc:subfield>
   </marc:datafield>
   <marc:datafield ind1="1" ind2=" " tag="490">
      <marc:subfield code="a">Das geheime Dinoversum</marc:subfield>
   </marc:datafield>
   <marc:datafield ind1="1" ind2=" " tag="520">
      <marc:subfield code="a">Plötzlich öffnet sich die Höhlenwand! Vor Jan und Tim liegt das geheime Dinoversum - eine Welt voll echter, lebendiger Dinosaurier! Die zwei Freunde sind auf der Suche nach noch unentdeckten Dinosauriern. Aber dann werden sie plötzlich von einem hungrigen Allosaurus verfolgt, der sie in eine Höhle jagt, die zu einer gefährlichen Falle zu werden droht.</marc:subfield>
   </marc:datafield>
   <marc:datafield ind1=" " ind2=" " tag="020">
      <marc:subfield code="a">9783785570838</marc:subfield>
      <marc:subfield code="9">9783785570838</marc:subfield>
   </marc:datafield>
</marc:record>
